000 00314nam a22001457a 4500
008 210429b ||||| |||| 00| 0 eng d
020 _a9781111352677
041 _aeng
080 _27th
_a37
082 _a37
100 _a46
101 _aEDU
245 _aReading for Thinking
_cFlemming,L
942 _2udc
_cBK
999 _c57009
_d57009